000 01198nam a2200337 a 4500
001 000114952
003 CHAP
005 20220329144505.0
008 180817s2018 mx a |sm |||||||spa d
010 _a111413
011 _a112385
040 _cCHAP
090 _aTesis
100 1 _aRuíz Toledo, Wilmer.
_9100903
245 1 3 _aLa estética muxe en Juchitán de Zaragoza Oaxaca
_h[En línea]
_cpor Wilmer Ruíz Toledo.
260 _aChapingo, Méx. :
_bEl autor,
_c2018.
500 _aPara ver el contenido del material haga clic en la liga
502 _aTesis (Ph.D. en Ciencias Agrarias)--UACH. Departamento de Sociología Rural
590 _aBATCH-UPD
_b05
_c20180817
_lUCH01
_h1021
590 _aE11695DGD
_b10
_c20190528
_lUCH01
_h1150
590 _aE6337LMJ
_b05
_c20180817
_lUCH01
_h1020
590 _aE6337LMJ
_b05
_c20180817
_lUCH01
_h1024
650 1 4 _aHomosexualidad
_zOaxaca.
_9135354
650 1 4 _aRoles sexuales
_yIstmo de Tehuantepec.
_9135353
650 1 4 _aTravestis
_zOaxaca.
_9135352
650 1 4 _aZapotecos
_xVida social y costumbres.
_9128073
856 _aFinding aid
_uhttp://10.13.5.2/tesis/sist114952.pdf
_zTeclea aquí
901 _aBK
942 _cTESIS
942 _n0
999 _c111413
_d111413